000 00896nam a2200253Ia 4500
003 OSt
005 20220923215128.0
006 a|||||r|||| 00| 0
007 ta
008 220922b |||||||| |||| 00| 0 hin d
024 _a175,864
037 _cTextual
040 _aARTS
_cARTS
_bhin
041 _2hin
_ahin
082 _aO152,1xN5, M7
100 _aचतुर्वेदी; हरदयाल, जगदीश, संपा.
_9163646
245 0 _aआज की हिन्दी कविता
246 _aĀj kī hindī kavitā
260 _aदिल्ली
_b प्रभात प्रकाशन
_c1987
300 _a176 पृ.
_ccm.
650 _aहिन्दी साहित्य
_9156264
942 _hO152,1xN5, M7
_cTEXL
_2CC
999 _c329540
_d329540